00286nam a22000977a 4500020001700000082001100017100002900028245003500057260008500092300001100177 a1 86064219 5 a297.91 aHenri and Anne Stierlin  aSplendours of an Islamic world aUKbTauris Parke Book an imprint of I.B. Tauris and Co. ltd Victoria Housec1997 a219 p.